Jeu du plus petit pays frontalier de ceux déjà trouvés - Statistiques

Statistiques générales
  • Ce quiz a été pris 263 fois
  • Le résultat moyen est 59 sur 152
Réponses sur la Carte
Les réponses sont colorées sur une échelle allant du rouge au vert en fonction du pourcentage des utilisateurs qui les ont devinées à leur premier essai. Vous pouvez retrouver ces pourcentages ci-dessous.
 
Statistiques - réponses
Pays % Correct
Vatican
100%
Italie
96%
Saint-Marin
92%
Slovénie
85%
Suisse
69%
Liechtenstein
67%
Croatie
59%
Albanie
49%
Autriche
49%
Bosnie-Herzégovine
49%
Kosovo
49%
Macédoine du Nord
49%
Monténégro
49%
République tchèque
49%
Slovaquie
49%
Allemagne
47%
Andorre
47%
Belgique
47%
Biélorussie
47%
Bulgarie
47%
Danemark
47%
Estonie
47%
France
47%
Grèce
47%
Hongrie
47%
Lettonie
47%
Lituanie
47%
Luxembourg
47%
Moldavie
47%
Monaco
47%
Pays-Bas
47%
Pologne
47%
Roumanie
47%
Serbie
47%
Ukraine
47%
Guyana
46%
Suriname
46%
Espagne
45%
Portugal
45%
Maroc
43%
Arménie
42%
Azerbaïdjan
42%
Égypte
42%
Géorgie
42%
Jordanie
42%
Liban
42%
Syrie
42%
Turquie
42%
Venezuela
42%
Burkina Faso
41%
Côte d'Ivoire
41%
Gambie
41%
Ghana
41%
Guinée
41%
Guinée-Bissau
41%
Irak
41%
Israël
41%
Koweït
41%
Liberia
41%
Mauritanie
41%
Sénégal
41%
Sierra Leone
41%
Togo
41%
Bénin
40%
Cameroun
39%
Nigeria
39%
Burundi
38%
Gabon
38%
Guinée équatoriale
38%
Kenya
38%
Ouganda
38%
Rép. Centrafricaine
38%
Rép. du Congo
38%
Rwanda
38%
Soudan du Sud
38%
Djibouti
37%
Érythrée
37%
Somalie
37%
Malawi
36%
Tanzanie
36%
Zambie
36%
Zimbabwe
36%
Botswana
35%
Eswatini
35%
Mozambique
35%
Namibie
34%
Afrique du Sud
33%
Belize
33%
Colombie
33%
Costa Rica
33%
Équateur
33%
Éthiopie
33%
Guatemala
33%
Honduras
33%
Nicaragua
33%
Panama
33%
Salvador
33%
Lesotho
32%
Mali
32%
Angola
31%
Niger
31%
Tchad
31%
Afghanistan
30%
Arabie Saoudite
30%
Bolivie
30%
Chili
30%
Iran
30%
Kirghizistan
30%
Libye
30%
Ouzbékistan
30%
Pakistan
30%
Paraguay
30%
Pérou
30%
Soudan
30%
Tadjikistan
30%
Tunisie
30%
Turkménistan
30%
Algérie
29%
Émirats arabes unis
29%
Kazakhstan
29%
Mexique
29%
Oman
29%
Qatar
29%
Rép. dém. du Congo
29%
Yémen
29%
Argentine
28%
Bangladesh
28%
Bhoutan
28%
Birmanie
28%
Brésil
28%
Brunei
28%
Cambodge
28%
Canada
28%
Chine
28%
Corée du Nord
28%
Corée du Sud
28%
États-Unis
28%
Finlande
28%
Inde
28%
Indonésie
28%
Laos
28%
Malaisie
28%
Mongolie
28%
Népal
28%
Norvège
28%
Papouasie-Nouvelle-Guinée
28%
Russie
28%
Suède
28%
Thaïlande
28%
Timor oriental
28%
Uruguay
28%
Viêt Nam
28%
Aucun quiz correspondant
Distribution des résultats
% des personnes avec chaque résultat
Percentile par nombre de réponses
Votre historique - résultats
Vous n’avez pas pris ce quiz